| 000 | 00465nam a2200181Ia 4500 | ||
|---|---|---|---|
| 008 | 240925s9999 xx 000 0 und d | ||
| 020 | _a827352522 | ||
| 082 | _a621.46 HER | ||
| 100 | _aHerman, Stuephen L | ||
| 245 | 0 | _aIndustrial Motor Control | |
| 250 | _a3rd | ||
| 260 |
_aNew York: _bDelmar Publishers _c,1992. |
||
| 300 |
_axiv, 447p. _bNA _fOriginal |
||
| 500 | _aIncludes Index | ||
| 600 | _aElectronic Engineering | ||
| 650 | _aTechnology | ||
| 942 | _cBK | ||
| 999 |
_c2525 _d2525 |
||